Statistiques concernant Culture Générale - Série 1314

Cliquez ici pour prendre le quiz!

Statistiques générales

  • Ce quiz a été pris 36 fois
  • Le résultat moyen est 3 sur 10

Statistiques - réponses

QuestionRéponse% Correct
Quel souverain français s'est opposé aux Suisses lors de la bataille de Marignan en 1515 ?François 1er
69%
De quelle graine croquante pour l'apéritif, l'Iran est-il le premier producteur mondial ?pistache
67%
Quel était le métier de Gandhi ?avocat
58%
Quelle discipline d'athlétisme sport a été marquée par la rivalité entre Eunice Barber et Carolina Klüft ?heptathlon
28%
Quels poissons viennent se reproduire dans la mer des Sargasses ?anguilles
25%
Quelle est la dernière oeuvre achevée composée par Mozart, un opéra joué pour la 1ère fois 2 mois avant sa mort ?La flûte enchantée
19%
Dans quel album, Tintin peut-il mettre en boîte le Capitaine Haddock, pour la première fois ?Le crabe aux pinces d'or
19%
Quel animal est Skipper dans "Madagascar" ?pingouin
17%
Quel sport a été codifié par les règles de Queensberry ?boxe
17%
Dans quelle ville trouve-t-on la plus forte concentration bancaire au monde ?Hong Kong
14%

Distribution des résultats

Percentile par nombre de réponses

% des personnes avec chaque résultat

Votre développement - résultats

Vous n’avez pas pris ce quiz